000 00501nam a2200181Ia 4500
008 240925s9999 xx 000 0 und d
020 _a205269850
082 _a004.69 CAV
100 _aCavanagh ,Michael T.
245 0 _aQuick Guide to the Internet: for mass communication
250 _aNA
260 _aBoston:
_bAllyn and Bacon
_c,1997.
300 _a60p.
_bNA
_fOriginal
500 _aNA
600 _aComputer Science
650 _aComputer science, information & general works
942 _cBK
999 _c5295
_d5295